000 01111nam a2200277 i 4500
003 DO-SdBNP
005 20260318085600.0
007 ta
008 240910s2003 dr 000 0 spa d
040 _aDO-SdBNP
_bspa
_cBNPHU
_erda
041 _aspa
082 _axxx
_bG984
_222
100 1 _aGutiérrez Félix, Euclides,
_d1936-
_eautor
_4aut.
_95673
245 1 0 _aPor el equilibrio del mundo :
_bsesquicentenario del natalicio de José Martí /
_cEuclides Gutiérrez Félix, Tony Raful
264 1 _aSanto Domingo :
_bSecretaría de Estado de Cultura,
_bComisión Dominicana para la Conmemoración del sesquicentenario del nacimiento del Apóstol José Martí,
_c2003.
300 _a31 páginas ;
_c27 cm.
336 _atexto
_btxt
_2rdacontent
337 _asin mediación
_bn
_2rdamedia
338 _avolumen
_bnc
_2rdacarrier
500 _aIncluye datos biografícos de los expositores en las páginas 29-30.
500 _a150 aniversario del nacimiento de José Martí.
590 _aInventariado, 2024/ YL
700 1 _aRaful, Tony,
_d1951-
_eautor
_4aut.
_91377
910 _aYLockward
942 _2ddc
_cLF2
999 _c57667
_d57667